• 首页
  • 本馆介绍
  • 公告通知
  • 最新文献
  • 馆藏检索
  • 电子资源
  • 读者导购
  • 参考咨询
  • 我的图书馆
  • 登录
  • 详细信息显示
  • 放入我的书架
  • 预约/预借图书
  • 作者相关作品
  • 分类相关作品
  • 丛书相关作品
  • 出版社相关作品

书目信息

  • 表格格式
  • 工作单格式
  • 卡片格式
题名:
基础物理化学
    
 
作者: 蔡炳新 , 申成 主编 ;湖南大学化学化工学院 组编
分册: 下册  
出版信息: 北京   科学出版社  2001
页数: 366页
开本: 24cm
丛书名:
单 册:
中图分类: O64
科图分类:
主题词: 物理化学--高等学校--教材 , 物理化学
电子资源:
ISBN: 7-03-009337-2
000 01132nam0 2200277 450
001 012007517428
005 20070515112213.26
010    @a7-03-009337-2@dCNY30.00
100    @a20070424d2001 km y0chiy0120 ea
101 0  @achi
102    @aCN@b110000
105    @ay z 001yy
106    @ar
200 1  @a基础物理化学@Aji chu wu li hua xue@h下册@f蔡炳新,申成主编@Fcai bing xin,shen cheng zhu bian@g湖南大学化学化工学院组编@Ghu nan da xue hua xue hua gong xue yuan zu bian
210    @a北京@c科学出版社@d2001
215    @a366页@d24cm
300    @a国家工科化学基础课程教学基地 (湖南大学) 化学主干课程系列教材之二
330    @a国家工科化学基础课程教学基地(湖南大学)化学主干课程系列教材》反映了以较强的理科力量为支撑,突破化学基础课程教学体系中理工分离的传统,实现了理工融合·融合后的教材体系以理论化学为先导,使化学化工大厦.
606 0  @a物理化学@x高等学校@j教材
606 0  @a物理化学
690    @aO64@v4
701  0 @a蔡炳新@Acai bing xin@4主编
701  0 @a申成@Ashen cheng@4主编
712 02 @a湖南大学化学化工学院@Ahu nan da xue hua xue hua gong xue yuan@4组编
801  0 @aCN@bRULIN@c20070515
905    @dO64@e101:2@s5
    
    基础物理化学.下册/蔡炳新,申成主编/湖南大学化学化工学院组编.-北京:科学出版社,2001
    366页;24cm
    国家工科化学基础课程教学基地 (湖南大学) 化学主干课程系列教材之二
    
    ISBN 7-03-009337-2:CNY30.00
    国家工科化学基础课程教学基地(湖南大学)化学主干课程系列教材》反映了以较强的理科力量为支撑,突破化学基础课程教学体系中理工分离的传统,实现了理工融合·融合后的教材体系以理论化学为先导,使化学化工大厦.
●
相关链接 在E读中查询图书 在五车中查询图书 在当当中查询图书 在豆瓣中查询图书


正题名:基础物理化学     索取号:O64/101:2         预约/预借

序号 登录号 条形码 馆藏地/架位号 状态 备注
1 0570374   205703746   第二样本阅览室/ [索取号:O64/101:2] 在馆    
2 0570375   205703755   第三借阅区/ [索取号:O64/101:2] 在馆    
3 0570376   205703764   第三借阅区/ [索取号:O64/101:2] 在馆    
4 0570377   205703773   第三借阅区/ [索取号:O64/101:2] 在馆    
5 0570378   205703782   第三借阅区/ [索取号:O64/101:2] 在馆    
唐山师范学院图书馆 欢迎您!
大连网信软件有限公司© 版权所有